| 000 | 00623nam a22001697a 4500 | ||
|---|---|---|---|
| 003 | OSt | ||
| 005 | 20171010095527.0 | ||
| 008 | 121003t xxu||||| |||| 00| 0 eng d | ||
| 040 |
_aMMSU _cULS |
||
| 100 |
_aJavier, Jonah D. _913013 |
||
| 245 |
_aMonitoring of carbon dioxide emission in the traffic congested site in the City of Batac _cJonah D. Javier |
||
| 260 | _c2008 | ||
| 300 |
_axiv, 32 leaves _c28 cm. |
||
| 500 | _aThesis (BS Environmental Science) -- Mariano Marcos State University-College of Agriculture, Food and Sustainable Development, Batac City | ||
| 504 | _aBibliography: leaf 22 | ||
| 942 |
_2ddc _cTHEDIS |
||
| 999 |
_c9793 _d9793 |
||